000
00377nam a22001577a 4500
003
MPLRDC
005
20220104124158.0
008
210129b ||||| |||| 00| 0 eng d
082
_a
880 TGNF-4
100
_a
屠格涅夫
245
_a
初恋
_c
丰子恺译
260
_a
_b
香港青年出版社
_c
1980
300
_b
平
650
_a
俄国文学
942
_c
BK
_o
880 TGNF-4
999
_c
17261
_d
17251